A cégnév szellemi tulajdon jellege és viszonya a személyiségi joghoz
Elmentve itt :
| Szerző: | |
|---|---|
| Dokumentumtípus: | Könyv része |
| Megjelent: |
2018
|
| Sorozat: | A Pólay Elemér Alapítvány könyvtára
71 A szellemi tulajdonvédelem és a szabadkereskedelem aktuális kérdései 71 |
| Kulcsszavak: | Szabadalmi jog - magyar, Védjegy - magyar, Szellemi tulajdon - jog - magyar, Személyiség joga - magyar |
| Tárgyszavak: | |
| Online Access: | http://acta.bibl.u-szeged.hu/69685 |
| LEADER | 01013naa a2200253 i 4500 | ||
|---|---|---|---|
| 001 | acta69685 | ||
| 005 | 20211129112437.0 | ||
| 008 | 200630s2018 hu o 0|| hun d | ||
| 020 | |a 978 615 5411 63 2 | ||
| 022 | |a 1786-352X | ||
| 040 | |a SZTE Egyetemi Kiadványok Repozitórium |b hun | ||
| 041 | |a hun | ||
| 100 | 1 | |a Schultz Márton | |
| 245 | 1 | 2 | |a A cégnév szellemi tulajdon jellege és viszonya a személyiségi joghoz |h [elektronikus dokumentum] / |c Schultz Márton |
| 260 | |c 2018 | ||
| 300 | |a 55-67 | ||
| 490 | 0 | |a A Pólay Elemér Alapítvány könyvtára |v 71 | |
| 490 | 0 | |a A szellemi tulajdonvédelem és a szabadkereskedelem aktuális kérdései |v 71 | |
| 650 | 4 | |a Társadalomtudományok | |
| 650 | 4 | |a Jogtudomány | |
| 650 | 4 | |a Bölcsészettudományok | |
| 650 | 4 | |a Egyéb bölcsészettudományok | |
| 695 | |a Szabadalmi jog - magyar, Védjegy - magyar, Szellemi tulajdon - jog - magyar, Személyiség joga - magyar | ||
| 856 | 4 | 0 | |u http://acta.bibl.u-szeged.hu/69685/1/polay_071_055-067.pdf |z Dokumentum-elérés |